|
|
|
|
| LEADER |
00000cam a2200000 7i4500 |
| 001 |
0000007447 |
| 002 |
000008006 |
| 005 |
20000330.0 |
| 020 |
|
|
|a 9838932671
|
| 090 |
0 |
0 |
|a F
|b LEE
|
| 100 |
0 |
|
|a Leemadnoor
|
| 245 |
1 |
0 |
|a Cinta Geografi
|c Leemadnoor
|
| 260 |
|
|
|a Kuala Lumpur :
|b Creative Enterprise ,
|c 1995
|
| 300 |
|
|
|a 222p. ;
|c 18cm.
|
| 650 |
0 |
0 |
|a Malay fiction
|
| 999 |
|
|
|a 052120
|b BUKU
|c PINJAMAN
|e PERPUSTAKAAN KOMUNITI PETALING JAYA
|
| 999 |
|
|
|a 052121
|b BUKU
|c PINJAMAN
|e PERPUSTAKAAN KOMUNITI PETALING JAYA
|
| 999 |
|
|
|a 055452
|b BUKU
|c PINJAMAN
|e PERPUSTAKAAN KOMUNITI CAW KOTA DAMANSARA
|